Top 50 Comedy Central Shows (IMDB) - Statistics

General Stats
  • This quiz has been taken 28 times
    6 since last reset
  • The average score is 3 of 52
Answer Stats
Show Year(s) IMDB % Correct
South Park 1997-Present 8.7
100%
Futurama 2008-2013 8.5
40%
Key & Peele 2012-2015 8.3
40%
Broad City 2014-2019 8.4
20%
The Colbert Report 2005-2014 8.4
20%
The Daily Show 1996-Present 8.3
20%
Workaholics 2011-2017 8.1
20%
Alternatino with Arturo Castro 2019 7.9
0%
American Body Shop 2007 7.4
0%
Another Period 2015-2018 7.4
0%
Awkwafina Is Nora from Queens 2020-2023 7.5
0%
Beavis and Butt-Head 2025-Present 8.4
0%
Big Time in Hollywood, FL 2015 7.8
0%
Chappelle's Show 2003-2006 8.8
0%
Comedy Central Presents 1998-2011 7.9
0%
Corporate 2018-2020 7.7
0%
Detroiters 2017-2018 8.2
0%
Dog Bites Man 2006 8.2
0%
Dr. Katz, Professional Therapist 1995-2002 7.7
0%
Drunk History 2013-2019 7.8
0%
Gerhard Reinke's Wanderlust 2003 8.5
0%
Good Talk with Anthony Jeselnik 2019-Present 7.5
0%
Halfway Home 2007 7.6
0%
Important Things with Demetri Martin 2009-2010 7.8
0%
I'm with Busey 2003 8.3
0%
Insomniac with Dave Attell 2001-2004 8.2
0%
Jeff & Some Aliens 2017 7.9
0%
Jon Benjamin Has a Van 2011 7.6
0%
Kid Notorious 2003 7.7
0%
Lights Out with David Spade 2019-2020 8.1
0%
Michael & Michael Have Issues 2009 7.6
0%
@midnight 2013-2017 7.7
0%
Mystery Science Theater 3000 1991-1996 8.6
0%
Nathan for You 2013-2017 8.9
0%
Primetime Glick 2001-2003 7.5
0%
Reno 911! 2003-2009 8.0
0%
Review 2014-2017 8.4
0%
South Side 2019-2021 8.2
0%
Sports Show with Norm Macdonald 2011 8.4
0%
Stella 2005 8.1
0%
Strangers with Candy 1999-2000 8.1
0%
The Burn with Jeff Ross 2012-2013 7.6
0%
The Jeselnik Offensive 2013 7.6
0%
The Jim Jefferies Show 2017-2019 7.5
0%
The Meltdown with Jonah and Kumail 2014-2016 7.4
0%
The Other Two 2019 7.9
0%
This Is Not Happening 2015-2019 7.9
0%
Tough Crowd with Colin Quinn 2002-2004 8.3
0%
TV Funhouse 2000-2001 7.9
0%
Ugly Americans 2010-2012 7.9
0%
Upright Citizens Brigade 1998-2000 8.1
0%
Viva Variety 1997-1999 7.4
0%
No matching quizzes found
Score Distribution
Percent of People with Each Score
Percentile by Number Answered
Your Score History
You have not taken this quiz since the last reset